000 00570nam a2200193 i 4500
001 130187
003 ES-MaACL
007 t|
008 070723s1953 sp ||||1| spa d
100 1 _aZweig, Stefan,
_d1881-1942
_9118562
245 1 0 _aTiempo y mundo /
_cStefan Zweig ; traducción de Tristán La Rosa.
260 _aBarcelona :
_bApolo,
_c[1953] (
_fC. Puig)
300 _a228 p. ;
_c15 cm.
490 1 _aPrisma
700 1 _aLa Rosa, Tristán.
_969179
830 0 0 _aPrisma
_9180749
852 _aES-MaACL
_jC-6306
_bR.35194
999 _c130187
_d130187